music trivia: 1962 songs and artists - Statistics

General Stats
  • This quiz has been taken 109 times
    95 since last reset
  • The average score is 9 of 15
Answer Stats
Hint Answer % Correct
Sherry The Four Seasons
87%
The Loco-Motion Little Eva
79%
Big Girls Don't Cry The Four Seasons
79%
Green Onions Booker T. and the M.G.s
66%
Up on the Roof The Drifters, Little Eva or Kenny Lynch
63%
Moon River Henry Mancini, Andy Williams, Jerry Butler or Danny Williams
57%
Good Luck Charm Elvis Presley
56%
P.S. I Love You The Beatles
54%
I Can't Stop Loving You Ray Charles or Count Basie
51%
Twistin' the Night Away Sam Cooke
51%
If I Had a Hammer Peter, Paul and Mary
50%
Twist and Shout The Isley Brothers
44%
Where Have All the Flowers Gone? The Kingston Trio or Peter, Paul and Mary
43%
409 The Beach Boys
39%
Duke of Earl Gene Chandler
37%
No matching quizzes found
Score Distribution
Percent of People with Each Score
Percentile by Number Answered
Your Score History
You have not taken this quiz since the last reset